000 00829cam a22002411a 4500
001 ne 63002415
003 DLC
005 20260227111752.0
008 911028s1962 ua b 000 0 arar
010 _ane 63002415
035 _a(OCoLC)24633229
040 _aDLC
_cMWalB
_dMWalB
_dDLC
042 _apremarc
050 0 0 _aHF5549
_b.M87
100 1 _aMursī, Sayyid ʻAbd al-Ḥamīd.
245 1 0 _aSīkulūzhīyat al-mihan :
_bdirāsah ʻalamīyah taṭbīqīyah lil-mihan wa-atharhā fī al-fard wa-al-mujtamaʻ /
_ctaʼlīf Sayyid ʻAbd al-Ḥamīd Mursī.
260 _aal-Qāhirah :
_bDār al-Nahḍah al-ʻArabīyah,
_c1962.
300 _a9, 493 p. ;
_c24 cm.
500 _aErrata leaf inserted.
504 _aIncludes bibliographical references.
650 0 _aPersonnel management.
650 0 _aVocational guidance.
999 _c46445
_d46445